000 00622nam a2200229Ia 4500
003 OSt
005 20220928115359.0
006 a|||||r|||| 00| 0
007 ta
008 220927b |||||||| |||| 00| 0 eng d
024 _a63307
037 _cTextual
040 _aSDCL
_cSDCL
_beng
041 _2eng
_aeng
082 _aR3xL11,HN:g, N2
100 _aBrand Walter
_9444056
245 0 _aHume's theory of moral judgment.
260 _aDordrecht
_bKluwer Academic Publishers
_c1992
300 _axi,164p.
_ccm.
942 _hR3xL11,HN:g, N2
_cTEXL
_2CC
999 _c759186
_d759186